DigitalTV

Detalles Bibliográficos
Nuevo Título:Television broadcast (2005)
Título anterior:DigitalTV, television broadcast
Formato: Electrónico Revista
Lenguaje:inglés
Publicado: New York, N.Y. : CMP Information Inc., c2004-c2005.
Materias:
Acceso en línea:Full text available from Research Library: 11/01/2004 to 05/31/2005

MARC

LEADER 00000nas a2200000 a 4500
001 ssj0000457384
003 WaSeSS
005 20200512172242.0
006 m d
007 cr n
008 050714d20042005nyumr p s 0 0eng c
010 |a  2005248148 
022 |l 1551-1928  |y 1551-1928 
035 |a (WaSeSS)ssj0000457384 
040 |a NN  |c NN  |d MBU  |d OCoLC  |d WaSeSS 
042 |a pcc 
043 |a n-us--- 
050 1 4 |a HE8689  |b .B76M 
245 0 0 |a DigitalTV  |h [electronic resource]. 
246 3 |a Digital TV 
260 |a New York, N.Y. :  |b CMP Information Inc.,  |c c2004-c2005. 
310 |a Monthly 
362 0 |a Vol. 27, issue 11 (Nov. 2004)-v. 28, issue 5 (May 2005). 
500 |a Title from cover. 
506 |a License restrictions may limit access. 
650 0 |a Digital television  |v Periodicals. 
650 0 |a Television broadcasting  |z United States  |v Periodicals. 
655 0 |a Electronic journals. 
780 0 0 |t DigitalTV, television broadcast  |w (DLC) 2003210713  |w (OCoLC)50759036 
785 0 0 |t Television broadcast (2005)  |x 1556-3588  |w (DLC) 2005213665  |w (OCoLC)60585400 
856 4 0 |z Full text available from Research Library: 11/01/2004 to 05/31/2005  |u https://search.proquest.com/publication/27955